logo

Bir Sreshtho Munshi Abdur Rouf Library
Jhenaidah Cadet College

Atom and nuclear Physics / (Record no. 12094)

MARC details
000 -LEADER
fixed length control field 00586nam a2200217 a 4500
001 - CONTROL NUMBER
JCCL Control Number 12094
003 - CONTROL NUMBER IDENTIFIER
JCCL marc code BD-JhCC
005 - DATE AND TIME OF LATEST TRANSACTION
control field 20210314131946.0
008 - FIXED-LENGTH DATA ELEMENTS--GENERAL INFORMATION
fixed length control field 210314r20012015ii a|||| |||| 000 0 eng d
020 ## - INTERNATIONAL STANDARD BOOK NUMBER
International Standard Book Number 9788173814006
035 ## - SYSTEM CONTROL NUMBER
system control number (BD-JhCC)12094
040 ## - CATALOGING SOURCE
Original cataloging agency BD-JhCC
Modifying agency BD-JhCC
041 ## - LANGUAGE CODE
Language code of Book eng
082 ## - DEWEY DECIMAL CLASSIFICATION NUMBER
Classification number 539.7
Author mark and Year CHA 2015
100 ## - MAIN ENTRY--PERSONAL NAME
Personal name Basu, Cittaranjan
245 ## - TITLE STATEMENT
Title Atom and nuclear Physics /
Statement of responsibility, etc Cittaranjan Basu,
260 ## - PUBLICATION, DISTRIBUTION, ETC. (IMPRINT)
Place of publication, distribution, etc New Delhi :
Name of publisher, distributor, etc New Central Book Agency,
Date of publication, distribution, etc 2015 [reprint].
300 ## - PHYSICAL DESCRIPTION
Pagination 291 p. :
Other physical details ill. ;
Dimensions 21 cm.
650 ## - SUBJECT ADDED ENTRY--TOPICAL TERM
Topical term or geographic name as entry element Nuclear physics
942 ## - ADDED ENTRY ELEMENTS (KOHA)
Source of classification or shelving scheme Dewey Decimal Classification
Koha item type Books
Holdings
Source of classification or shelving scheme Damaged status Not for loan Home library Current library Shelving location Date of accession Cost, normal purchase price Total Checkouts Full call number Barcode Date last seen Date checked out Copy number Koha item type
Dewey Decimal Classification     JCC Rouf Library JCC Rouf Library General Stacks 03/14/2021 655.00 1 539.7 CHA 2015 16276 09/30/2024 09/02/2024 C-1 Books

JCC Library | Contacts | JCC Home

Last Update on 23 September 2017
Copyright @ 2017-2020 JCC Rouf Library
Rouf Library, Jhenidah Cadet College (JCC), Bangladesh